000 00765cam a2200253 a 4500
001 ca 26000462
003 DLC
005 20260227111117.0
008 820923s1924 ksu a 000 0 eng
010 _aca 26000462
040 _aDLC
_cDLC
_dDLC
043 _an-us-ny
050 1 0 _aE78.N7
_bS5
050 0 0 _aMicrofilm 56191 E
051 _aAC1
_b.L8 no. 754
100 1 _aSeymour, Flora Warren,
_d1888-1948.
245 1 0 _aHistory of the New York Indians /
_cFlora Warren Seymour.
260 _aGirard, Kan. :
_bHaldeman-Julius Co.,
_cc1924.
300 _a64 p. ;
_c13 cm.
440 0 _aLittle blue book ;
_vno. 754
500 _aPublisher's advertisements on p. 57-64.
650 0 _aIndians of North America
_zNew York (State)
650 0 _aIroquois Indians.
999 _c16216
_d16216